NFL Week 6 Fantasy Leaders 2024-2025 - Statistics

General Stats
  • This quiz has been taken 179 times
  • The average score is 9 of 20
Answer Stats
Position Points Player % Correct
QB 24.4 Josh Allen
82%
RB 25.2 Derrick Henry
72%
QB 28.9 Baker Mayfield
69%
WR 35.5 Chris Godwin
67%
WR 23.6 AJ Brown
62%
TE 22.8 George Kittle
60%
QB 29.6 Caleb Williams
58%
QB 25.1 Jared Goff
53%
RB 25.5 Bijan Robinson
47%
WR 24.7 Garrett Wilson
45%
QB 24.1 Brock Purdy
41%
RB 27.2 Joe Mixon
41%
QB 26.6 Jordan Love
36%
QB 23.7 Justin Fields
34%
TE 24 Cole Kmet
26%
RB 34.2 Sean Tucker
26%
WR 23.3 Terry McLaurin
24%
WR 22.4 Zay Flowers
24%
RB 22.7 Tyrone Tracy
14%
WR 23.4 Allen Lazard
9%
No matching quizzes found
Score Distribution
Percent of People with Each Score
Percentile by Number Answered
Your Score History
You have not taken this quiz